Italy builds : (Record no. 95487)

MARC details
000 -LEADER
fixed length control field 00681cam a22002171 4500
008 - FIXED-LENGTH DATA ELEMENTS--GENERAL INFORMATION
fixed length control field
050 0# - LIBRARY OF CONGRESS CALL NUMBER
Classification number NA1111
Item number SMI
003 - CONTROL NUMBER IDENTIFIER
control field
005 - DATE AND TIME OF LATEST TRANSACTION
control field 20230120131025.0
040 ## - CATALOGING SOURCE
Transcribing agency NUST
049 ## - LOCAL HOLDINGS (OCLC)
Holding library MAIN
100 1# - MAIN ENTRY--PERSONAL NAME
Personal name Smith, G. E. Kidder.
245 10 - TITLE STATEMENT
Title Italy builds :
Remainder of title its modern architecture and native inheritance = L'Italia costruisce /
Statement of responsibility, etc. photos. by the author.
246 3# - VARYING FORM OF TITLE
Title proper/short title Italia costruisce.
260 ## - PUBLICATION, DISTRIBUTION, ETC.
Place of publication, distribution, etc. London :
Name of publisher, distributor, etc. Architectural press,
Date of publication, distribution, etc. [1955]
300 ## - PHYSICAL DESCRIPTION
Extent 264 p. :
Other physical details ill., maps, plans.
504 ## - BIBLIOGRAPHY, ETC. NOTE
Bibliography, etc. note Includes bibliographical references.
650 #0 - SUBJECT ADDED ENTRY--TOPICAL TERM
Topical term or geographic name entry element Architecture
Geographic subdivision Italy.
907 ## - LOCAL DATA ELEMENT G, LDG (RLIN)
a .b10187601
b 16-03-12
c 25-01-06
942 ## - ADDED ENTRY ELEMENTS (KOHA)
Koha item type Ordinary Loan Books
Holdings
Date last seen Total Checkouts Full call number Barcode Cost, replacement price Price effective from Koha item type Lost status Source of classification or shelving scheme Damaged status Not for loan Collection Withdrawn status Home library Current library Shelving location Date acquired Cost, normal purchase price
01/20/2023   NA1111 SMI 92003036259 80.00 01/20/2023 BOOKS   LCC     NFIC   FOBE FOBE GEN 01/20/2023 80.00